000 00338nam a22001217a 4500
008 230621b xxu||||| |||| 00| 0 eng d
082 _a328.30
_bCPA
100 _cCPA
245 _a6th Commonwealth Parliamentary Conference of Members from Small Legislatures
_bJersey 1986
260 _aLondon
_bCPA
_c1986
300 _a64p
942 _2ddc
_cBK
999 _c1984
_d1984